| 000 | 00941nam0a22002531 4500 | ||
|---|---|---|---|
| 001 | rc\4024341 | ||
| 005 | 20250610230930.0 | ||
| 035 | _a(NLR Aleph) 007950761 | ||
| 090 |
_a8337477 _c8337477 |
||
| 100 | _a20130415d1950 |||y0rusy50 ca | ||
| 101 | 0 | _arus | |
| 102 | _aRU | ||
| 105 | _ay z ||||| | ||
| 200 | 1 |
_aВлияние некоторых веществ, повышающих центральный тонус блуждающих нервов, на деятельность препилорического сфинктера _fДзиковский, В.А. |
|
| 210 |
_a[Ашхабад _cБ. и. _d1950] |
||
| 215 |
_a228-239 с. _d28 |
||
| 300 | _aОтт. из: "Труды Туркм. гос. мед. ин-та", т. 4 | ||
| 300 | _aБез тит. л. и обл. | ||
| 700 | 1 |
_aДзиковский _bВ.А. |
|
| 801 | 0 |
_aRU _bNLR _gpsbo |
|
| 801 | 1 |
_aRU _bELAR _2rusmarc |
|
| 852 |
_aNLR _jМд16 Г-8/34 |
||
| 942 | _cBOOK | ||
| 980 | _aNB | ||